| Tag |
First Indicator |
Second Indicator |
Subfields |
| LEADER |
00000cam a2200000 4500 |
| 001 |
in00000014936 |
| 005 |
20151007052927.0 |
| 008 |
710527s1971 enka 00000 eng |
| 010 |
|
|
|a 76137499
|
| 020 |
|
|
|a 0289701945
|
| 035 |
|
|
|a (OCoLC)00141349
|
| 035 |
|
|
|9 AAA9741AM
|
| 040 |
|
|
|a DLC
|c DLC
|d OCL
|d TXA
|d UtOrBLW
|
| 049 |
|
|
|a TXAM
|c [A10785984]
|
| 050 |
0 |
0 |
|a TT840
|b .A53
|
| 082 |
0 |
|
|a 746.4
|
| 100 |
1 |
|
|a Andes, Eugene.
|
| 245 |
1 |
0 |
|a Practical macramé.
|
| 264 |
|
1 |
|a London :
|b Studio Vista,
|a New York :
|b Van Nostrand Reinhold,
|c [1971]
|
| 300 |
|
|
|a 118 pages :
|b illustrations (part color) ;
|c 27 cm.
|
| 336 |
|
|
|a text
|b txt
|2 rdacontent
|
| 337 |
|
|
|a unmediated
|b n
|2 rdamedia
|
| 338 |
|
|
|a volume
|b nc
|2 rdacarrier
|
| 650 |
|
0 |
|a Macramé.
|
| 999 |
|
|
|a MARS
|
| 999 |
f |
f |
|s 177a93f1-a114-379f-8b86-7261dfde5258
|i db1029d8-bbda-3346-a98e-713870f36e95
|t 0
|
| 952 |
f |
f |
|p ric
|a Texas A&M University
|b Rellis Campus
|c Joint Library Facility
|d Remote Storage
|t 0
|e TT840 .A53
|h Library of Congress classification
|i unmediated -- volume
|m A14810785984
|
| 998 |
f |
f |
|a TT840 .A53
|t 0
|l Remote Storage
|